000 00949nam a2200301Ia 4500
003 OSt
005 20221007122649.0
006 a|||||r|||| 00| 0
007 ta
008 221006b |||||||| |||| 00| 0 eng d
020 _a9788126517855 (pbk)
024 _a152262
037 _b4112, 21/09/2011, New India Book Agency
_cTextual
040 _aPAPL
_cPAPL
_beng
041 _2eng
_aeng
082 _aC9B3, M8;2b Carpa
100 _aKrane Kenneth S
245 0 _aIntroductory nuclear physics
260 _aNew
_bDelhi John wiley & sons, inc.
_c1988
300 _axiii; 845p.
_ccm.
500 _aAppedix A-B 815-833p.; Index 835-845p.
650 _a Nuclear physics
_9543687
650 _a Nuclear reaction
_9714835
650 _a Radioactive decay
_9714836
650 _aPhysics
942 _hC9B3, M8;2b Carpa
_cTEXL
_2CC
999 _c1210743
_d1210743